Thermally stable polymers : syntheses and properties /
Guardado en:
| Autor Principal: | |
|---|---|
| Formato: | Libro |
| Idioma: | English |
| Publicado: |
New York :
M. Dekker,
c1980.
|
| Materias: | |
| Etiquetas: |
Agregar Etiqueta
Sin Etiquetas, Sea el primero en etiquetar este registro!
|
| LEADER | 00719cam a22002175a 4500 | ||
|---|---|---|---|
| 001 | EIQ.libpla000946 | ||
| 008 | 810113s1980####nyua#####b####001#0#eng#d | ||
| 005 | 20060626181646.0 | ||
| 245 | 1 | 0 | |a Thermally stable polymers : |b syntheses and properties / |c Patrick E. Cassidy. |
| 260 | |a New York : |b M. Dekker, |c c1980. | ||
| 300 | |a xv, 393 p. : |b il. ; |c 26 cm. | ||
| 504 | |a Bibliografía: p. 362-364. | ||
| 500 | |a Incluye índices. | ||
| 020 | |a 0824769694 | ||
| 100 | 1 | |a Cassidy, Patrick E., |d 1937- | |
| 082 | 0 | 0 | |a 547.8/4 |2 19 |
| 650 | 0 | |a Polímeros |x Propiedades térmicas. | |
| 650 | 0 | |a Polymers |x Thermal properties. | |
| 010 | |a 80018571 | ||
| 040 | |a DLC |c DLC |d AR-BbSID | ||
| 859 | |a AR-BbSID |b BIB. PLAPIQUI |h 547.84 |i C 273 |p 1544 | ||
